[Event "CZE-chT2C 1314"]
[Site "Czech Republic"]
[Date "2014.03.23"]
[Round "10.5"]
[White "Fojtu, Jan"]
[Black "Kralovsky, Martin"]
[Result "1/2-1/2"]
[WhiteElo "2151"]
[BlackElo "2042"]
[PlyCount "66"]
[EventDate "2013.11.03"]
[EventType "team-tourn"]
[EventRounds "11"]
[EventCountry "CZE"]
[SourceTitle "EXT 2015"]
[Source "ChessBase"]
[SourceDate "2014.11.20"]
[SourceVersion "1"]
[SourceVersionDate "2014.11.20"]
[SourceQuality "1"]
[WhiteTeam "Ricany"]
[BlackTeam "Postovni sporitelna III"]
[WhiteTeamCountry "CZE"]
[BlackTeamCountry "CZE"]

1. e4 d5 2. exd5 Qxd5 3. Nc3 Qd6 4. d4 Nf6 5. Bc4 a6 6. Nf3 Bg4 7. Be3 e6 8. a4 Nc6 9. h3 Bxf3 10. Qxf3 Be7 11. 0-0 0-0 12. Rfd1 Qb4 13. Bb3 Rfd8 14. Na2 Qa5 15. c4 Qb6 16. Rd3 Nxd4 17. Bxd4 Rxd4 18. Rxd4 Qxd4 19. Qxb7 Qa7 20. Qxa7 Rxa7 21. Bc2 c5 22. Rd1 g6 23. Nc3 Rb7 24. b3 Nh5 25. g3 Bf6 26. Ne2 Be7 27. Kg2 Nf6 28. f4 Rd7 29. Rxd7 Nxd7 30. Be4 Kf8 31. Bc6 Nb8 32. Bb7 Ke8 33. Kf3 Kd7 1/2-1/2

[Event "CZE-chT2C 1314"]
[Site "Czech Republic"]
[Date "2014.01.19"]
[Round "6.4"]
[White "Kralovsky, Martin"]
[Black "Hrdina, Robin"]
[Result "1/2-1/2"]
[WhiteElo "2042"]
[BlackElo "2080"]
[PlyCount "67"]
[EventDate "2013.11.03"]
[EventType "team-tourn"]
[EventRounds "11"]
[EventCountry "CZE"]
[SourceTitle "EXT 2015"]
[Source "ChessBase"]
[SourceDate "2014.11.20"]
[SourceVersion "1"]
[SourceVersionDate "2014.11.20"]
[SourceQuality "1"]
[WhiteTeam "Postovni sporitelna III"]
[BlackTeam "Vlasim"]
[WhiteTeamCountry "CZE"]
[BlackTeamCountry "CZE"]

1. d4 Nf6 2. Nf3 e6 3. c4 b6 4. e3 Bb7 5. Be2 Be7 6. Nc3 0-0 7. 0-0 Ne4 8. Qc2 f5 9. Nd2 Nxc3 10. Qxc3 Bf6 11. Qc2 Qe7 12. Bf3 Bxf3 13. Nxf3 Nc6 14. b3 d6 15. Bb2 Nb4 16. Qd2 a5 17. a3 Nc6 18. Rac1 Nd8 19. c5 bxc5 20. dxc5 Bxb2 21. Qxb2 dxc5 22. Rc2 Rb8 23. Qc3 Nf7 24. Qxc5 Qxc5 25. Rxc5 Rxb3 26. Rxa5 c5 27. h4 Rc8 28. Rc1 c4 29. Nd4 Rb6 30. Rc3 Nd6 31. f3 Kf7 32. a4 Kf6 33. Nb5 Nxb5 34. axb5 1/2-1/2

[Event "CZE-chT2C 1314"]
[Site "Czech Republic"]
[Date "2014.01.05"]
[Round "5.7"]
[White "Kralovsky, Martin"]
[Black "Korenek, Frantisek"]
[Result "0-1"]
[WhiteElo "2042"]
[BlackElo "2122"]
[PlyCount "228"]
[EventDate "2013.11.03"]
[EventType "team-tourn"]
[EventRounds "11"]
[EventCountry "CZE"]
[SourceTitle "EXT 2015"]
[Source "ChessBase"]
[SourceDate "2014.11.20"]
[SourceVersion "1"]
[SourceVersionDate "2014.11.20"]
[SourceQuality "1"]
[WhiteTeam "Postovni sporitelna III"]
[BlackTeam "Lysa nad Labem III"]
[WhiteTeamCountry "CZE"]
[BlackTeamCountry "CZE"]

1. d4 Nf6 2. Nf3 d5 3. c4 e6 4. Nc3 Nbd7 5. e3 a6 6. Bd3 dxc4 7. Bxc4 b5 8. Bb3 Bb7 9. 0-0 Be7 10. Qe2 0-0 11. Rd1 Bb4 12. Ne1 Qe7 13. f3 c5 14. Kh1 Rfd8 15. e4 cxd4 16. Rxd4 Ne5 17. Be3 Rxd4 18. Bxd4 Nc6 19. Be3 Na5 20. Nd3 Rc8 21. Nxb4 Qxb4 22. Qd1 h6 23. Kg1 Qe7 24. Bb6 Nc6 25. Rc1 Nd7 26. Be3 Na5 27. Ne2 Nc5 28. Nd4 Rd8 29. Qc2 Rc8 30. Qf2 Naxb3 31. axb3 Rd8 32. Qg3 Kh7 33. b4 Nd3 34. Rc7 Rd7 35. Rxd7 Qxd7 36. Nc2 e5 37. b3 Qe6 38. Ne1 Nxb4 39. Bc5 Nc6 40. Bf8 Qg6 41. Qh3 Qg5 42. Bc5 Nd4 43. Bxd4 exd4 44. Qd7 Qc1 45. Kf1 Bc8 46. Qxd4 Be6 47. b4 Qb1 48. Qd2 Bc4+ 49. Kf2 Qa1 50. f4 Qb1 51. e5 g6 52. Nf3 Qe4 53. Qd4 Qb1 54. Qd2 Qf1+ 55. Ke3 Qh1 56. Qc2 Be6 57. h3 Qf1 58. Qd2 Qb1 59. Nd4 Bd5 60. Nc2 Qg1+ 61. Kd3 Bxg2 62. Ne3 Bxh3 63. Nd5 Qf1+ 64. Ke3 Qg1+ 65. Kd3 Bf1+ 66. Kc2 Qg2 67. Nf6+ Kg7 68. Ne8+ Kf8 69. Nc7 Qxd2+ 70. Kxd2 Ke7 71. Nxa6 h5 72. Ke1 Bc4 73. Nc5 f6 74. exf6+ Kxf6 75. Kf2 Kf5 76. Kg3 Bd5 77. Nd3 Be4 78. Nf2 Bb1 79. Nh3 Ke4 80. Ng5+ Kd5 81. Kf3 Kc4 82. Ke3 Kxb4 83. Kd2 Bf5 84. Nf3 h4 85. Nxh4 Kb3 86. Kc1 Ka2 87. Nf3 b4 88. Ne5 b3 89. Nc4 Bg4 90. Nb2 Be2 91. Na4 Ka3 92. Nb2 Kb4 93. Kd2 Bb5 94. Kc1 Ka3 95. Kb1 Be2 96. Ka1 Kb4 97. Kb1 Kc3 98. Kc1 Kd4 99. Kd2 Bb5 100. Nd1 Bd3 101. Nb2 Bc2 102. Ke2 Ke4 103. f5 gxf5 104. Nc4 Kd4 105. Nb2 Kc3 106. Na4+ Kb4 107. Nb2 Ka3 108. Nc4+ Ka2 109. Ne3 b2 110. Nxc2 b1Q 111. Kd2 Qb2 112. Kd1 Kb3 113. Ne1 Kc3 114. Nf3 Qf2 0-1

[Event "Pardubice op rap 24th"]
[Site "Pardubice"]
[Date "2013.07.18"]
[Round "4"]
[White "Kralovsky, Martin"]
[Black "Yakovlev, Egor"]
[Result "1/2-1/2"]
[WhiteElo "2042"]
[BlackElo "1985"]
[PlyCount "40"]
[EventDate "2013.07.17"]
[EventType "swiss (rapid)"]
[EventRounds "9"]
[EventCountry "CZE"]
[SourceTitle "CBM 155 Extra"]
[Source "ChessBase"]
[SourceDate "2013.08.26"]
[SourceVersion "1"]
[SourceVersionDate "2013.08.26"]
[SourceQuality "1"]

1. d4 Nf6 2. c4 c5 3. Nf3 cxd4 4. Nxd4 e5 5. Nf3 Nc6 6. g3 d5 7. cxd5 Qxd5 8. Bd2 e4 9. Nc3 Qf5 10. Nh4 Qe5 11. Bf4 Qa5 12. Ng2 Bb4 13. Bd2 Qe5 14. a3 Ba5 15. Ne3 Be6 16. Bg2 Rd8 17. Qc2 Nd4 18. Qa4+ Bd7 19. Qd1 Be6 20. Qa4+ Bd7 1/2-1/2

[Event "Kouty nad Desnou op-A"]
[Site "Kouty nad Desnou"]
[Date "2010.03.11"]
[Round "7"]
[White "Kralovsky, Martin"]
[Black "Hajek, Jaroslav"]
[Result "1/2-1/2"]
[WhiteElo "2005"]
[BlackElo "1946"]
[PlyCount "31"]
[EventDate "2010.03.06"]
[EventType "swiss"]
[EventRounds "9"]
[EventCountry "CZE"]
[SourceTitle "CBM 135 Extra"]
[Source "ChessBase"]
[SourceDate "2010.05.04"]
[SourceVersion "1"]
[SourceVersionDate "2010.05.04"]
[SourceQuality "1"]

1. c4 e5 2. Nc3 Nf6 3. g3 d5 4. cxd5 Nxd5 5. Bg2 Nb6 6. d3 Be7 7. Nf3 Nc6 8. Bd2 Be6 9. a4 a6 10. a5 Nd5 11. Qa4 0-0 12. 0-0 f6 13. Rfc1 Qd7 14. Ne4 Rfd8 15. Nc5 Bxc5 16. Rxc5 1/2-1/2

[Event "Ricany op"]
[Site "Ricany"]
[Date "2009.08.26"]
[Round "6"]
[White "Hosticka, Frantisek"]
[Black "Kralovsky, Martin"]
[Result "1-0"]
[WhiteElo "2185"]
[BlackElo "2002"]
[PlyCount "111"]
[EventDate "2009.08.22"]
[EventType "swiss"]
[EventRounds "9"]
[EventCountry "CZE"]
[SourceTitle "CBM 131 Extra"]
[Source "ChessBase"]
[SourceDate "2009.09.03"]
[SourceVersion "2"]
[SourceVersionDate "2009.09.16"]
[SourceQuality "1"]

1. e4 e6 2. d4 d5 3. e5 c5 4. c3 Nc6 5. Be3 cxd4 6. cxd4 Qb6 7. Qd2 Bb4 8. Nc3 Nge7 9. Bd3 Bd7 10. a3 Bxc3 11. bxc3 Na5 12. Rb1 Qc7 13. Ne2 a6 14. 0-0 b5 15. Bg5 Ng6 16. Ng3 h6 17. Be3 Nc4 18. Qe1 Nxe3 19. fxe3 0-0 20. Rf2 Rac8 21. Ne2 Qa5 22. Qd2 Rc7 23. Bxg6 fxg6 24. Rxf8+ Kxf8 25. Qb2 Rc8 26. Qb4+ Qxb4 27. axb4 g5 28. Ra1 Rc6 29. Ra3 Be8 30. e4 Bh5 31. exd5 exd5 32. Ng3 Bg6 33. Kf2 h5 34. Ke3 h4 35. Nf1 Bc2 36. Kd2 Be4 37. Ne3 Kf7 38. Ra1 Kg6 39. Rf1 Rc8 40. g3 hxg3 41. hxg3 Rh8 42. Rf2 Ra8 43. Kc1 a5 44. bxa5 Rxa5 45. Kb2 Ra8 46. Kb3 Rd8 47. Kb4 Bd3 48. Kc5 Rc8+ 49. Kd6 Rxc3 50. e6 b4 51. Nxd5 Rc4 52. e7 Rc8 53. Nxb4 Bb5 54. d5 Kh5 55. Nc6 Kg4 56. Rf8 1-0

[Event "Ricany op"]
[Site "Ricany"]
[Date "2009.08.25"]
[Round "5"]
[White "Kralovsky, Martin"]
[Black "Drabek, Vojtech"]
[Result "1/2-1/2"]
[WhiteElo "2002"]
[BlackElo "2156"]
[PlyCount "29"]
[EventDate "2009.08.22"]
[EventType "swiss"]
[EventRounds "9"]
[EventCountry "CZE"]
[SourceTitle "CBM 131 Extra"]
[Source "ChessBase"]
[SourceDate "2009.09.03"]
[SourceVersion "2"]
[SourceVersionDate "2009.09.16"]
[SourceQuality "1"]

1. d4 Nf6 2. Nf3 g6 3. c4 Bg7 4. g3 0-0 5. Bg2 d5 6. cxd5 Nxd5 7. e4 Nb6 8. 0-0 Bg4 9. d5 Qd7 10. Qb3 c6 11. Nc3 cxd5 12. exd5 Bh3 13. Rd1 Bxg2 14. Kxg2 Rc8 15. Be3 1/2-1/2

[Event "Prague op-B 08th"]
[Site "Prague"]
[Date "2009.01.13"]
[Round "5"]
[White "Kralovsky, Martin"]
[Black "Skokan, Frantisek"]
[Result "1/2-1/2"]
[WhiteElo "1996"]
[BlackElo "1832"]
[PlyCount "81"]
[EventDate "2009.01.09"]
[EventType "swiss"]
[EventRounds "9"]
[EventCountry "CZE"]
[SourceTitle "EXT 2010"]
[Source "ChessBase"]
[SourceDate "2010.11.25"]
[SourceVersion "1"]
[SourceVersionDate "2010.11.25"]
[SourceQuality "1"]

1. d4 d5 2. Nf3 Nf6 3. c4 c6 4. Nc3 dxc4 5. a4 Bf5 6. e3 e6 7. Bxc4 Bb4 8. 0-0 Nbd7 9. Qb3 Qb6 10. Bd2 Bxc3 11. Bxc3 Qxb3 12. Bxb3 h6 13. Nd2 Bd3 14. Rfe1 Nd5 15. e4 Nxc3 16. bxc3 Ba6 17. f4 0-0-0 18. a5 Rhf8 19. e5 Nc5 20. Bc4 Bxc4 21. Nxc4 Nd7 22. Reb1 Kc7 23. Ra3 Rb8 24. Nd6 f6 25. c4 fxe5 26. fxe5 Rf4 27. Rd3 b6 28. g3 Rff8 29. a6 Rbd8 30. Kg2 c5 31. Nb7 Rb8 32. dxc5 bxc5 33. Rd6 Rf5 34. Rxe6 Rxe5 35. Re1 Rxe1 36. Rxe1 Rg8 37. Re7 Kc6 38. Re6+ Kc7 39. Re7 Kc6 40. Re6+ Kc7 41. Re7 1/2-1/2

[Event "Prague ProMoPro op"]
[Site "Prague"]
[Date "2005.09.21"]
[Round "7"]
[White "Kubecka, David"]
[Black "Kralovsky, Martin"]
[Result "1/2-1/2"]
[WhiteElo "2252"]
[BlackElo "2031"]
[PlyCount "93"]
[EventDate "2005.09.15"]
[EventType "swiss"]
[EventRounds "9"]
[EventCountry "CZE"]
[SourceTitle "CBM 108 Extra"]
[Source "ChessBase"]
[SourceDate "2005.11.04"]
[SourceVersion "1"]
[SourceVersionDate "2005.11.04"]
[SourceQuality "1"]

1. e4 c5 2. Nf3 Nc6 3. d4 cxd4 4. Nxd4 g6 5. c4 Bg7 6. Be3 Nf6 7. Nc3 0-0 8. Be2 b6 9. 0-0 Bb7 10. f3 Rc8 11. Qd2 d6 12. Nxc6 Bxc6 13. Nd5 Nxd5 14. cxd5 Bb7 15. a4 e6 16. dxe6 fxe6 17. a5 d5 18. exd5 Qxd5 19. Rfd1 Rfd8 20. Qb4 Qe5 21. Rxd8+ Rxd8 22. Kf2 Qxb2 23. Qxb2 Bxb2 24. Rb1 Bd4 25. axb6 axb6 26. Bxd4 Rxd4 27. Rxb6 Bd5 28. Rd6 Rd2 29. Rd7 Rb2 30. Ke3 Ra2 31. g3 Ra3+ 32. Kf4 Ra2 33. Bd3 Rxh2 34. Ke5 Rb2 35. Kf6 Rb8 36. Be4 Rf8+ 37. Kg5 Rf7 38. Rxd5 exd5 39. Bxd5 Kg7 40. Bxf7 h6+ 41. Kf4 Kxf7 42. Ke5 Ke7 43. f4 h5 44. f5 g5 45. f6+ Kf7 46. Kf5 h4 47. gxh4 1/2-1/2